000 01281nam a2200325 i 4500
001 000024339
003 DO-SdBNP
005 20241015140953.0
007 ta
008 110126s2010 dr a 000 0 spa d
020 _a9789945869316
040 _aDO-SdBNP
_bspa
_cBNPHU
_erda
049 _aBNPD
082 4 _bG934s
_222
100 1 _aGuerrero Cano, María Magdalena,
_945723
_ecano
245 1 0 _aSociedad, política e iglesia en el Santo Domingo Colonial, 1861-1865 /
_cMaría Magdalena Guerrero Cano : cuidado de edición, José Chez Checo, Emilio Cordero Michel.
264 _aSanto Domingo :
_bAcademia Dominicana de la Historia,
_c2010
300 _a624 páginas :
_bilustraciones ;
_c23 cm.
336 _2rdacontent
_atexto
_btxt
337 _2rdamedia
_asin mediación
_bn
338 _2rdacarrier
_avolumen
_bnc
490 _aAcademia Dominicana de la Historia
_v87
500 _aIncluye referencias bibliográficas y notas al pie de las páginas e índice onomástico
500 _aIncluye datos biográficos de la autora en la solapa de la contracubierta
590 _aInventariado, 2024/BT
700 1 _aCordero Michel, Emilio,
_d1929-2018
_eedición
_944029
700 1 _aChez Checo, José,
_d1949-
_eedición
_910145
910 _aBtavárez
942 _2ddc
_cLBS1
999 _c23832
_d23832